| 000 | 00719cab a2200229 4500 | ||
|---|---|---|---|
| 001 | WB2837-12 | ||
| 008 | 090401t1992 xxu||||| |||| 00| 0 eng d | ||
| 035 | _a(Sirsi) u19078 | ||
| 041 | _aeng | ||
| 245 | _aNew mundic test | ||
| 260 | _c1992 | ||
| 350 | _a0 | ||
| 490 |
_aNew Civil Engineer _v(1011) 17 September 1992, 7(1) |
||
| 520 | _aThe RICS are to include a mundic detection test in their guidance note on the mundic problem which could bring relief to thousands of home owners in South West England. | ||
| 650 | _aDEFECTS | ||
| 650 | _aGUIDANCE NOTE | ||
| 650 | _aMUNDIC AGGREGATES | ||
| 650 | _aMUNDIC BLOCK | ||
| 690 | _aBUILT ENVIRONMENT-BUILDING MATERIALS | ||
| 942 | _n0 | ||
| 948 | _c04/03/1997 | ||
| 999 |
_c12703 _d12703 |
||